Billy Joel Lyrics Quiz (Part 76) - Statistics

General Stats
  • This quiz has been taken 22 times
  • The average score is 179 of 210
Answer Stats
Answer % Correct
a
100%
A
100%
I
100%
about
92%
and
92%
And
92%
are
92%
don't
92%
got
92%
her
92%
How
92%
I'm
92%
is
92%
is,
92%
it
92%
know
92%
she
92%
She
92%
the
92%
to
92%
we
92%
what
92%
when
92%
around
83%
be
83%
But
83%
can't
83%
comes
83%
down
83%
feel
83%
feelin'
83%
get
83%
have
83%
laugh
83%
live
83%
love
83%
make
83%
me
83%
of
83%
reveals
83%
She's
83%
smile
83%
sound
83%
that
83%
there
83%
touches
83%
up
83%
way
83%
why
83%
without
83%
goin'
75%
lifts
75%
on
75%
turned
75%
anyway
67%
doesn't
67%
light
67%
reason
67%
talkin'
67%
walkin'
67%
anywhere
58%
goes
58%
heals
58%
Inspires
58%
keep
50%
pleasin'
50%
showin'
50%
strength
50%
dreams
42%
everywhere
42%
find
42%
million
42%
surround
42%
No matching quizzes found
Score Distribution
Percent of People with Each Score
Percentile by Number Answered
Your Score History
You have not taken this quiz